[Event "KAZ-ch Women 2019"]
[Site "Almaty"]
[Date "2019.04.26"]
[Round "6.2"]
[White "Nasybullina, Alfia"]
[Black "Davletbayeva, Madina"]
[Result "1/2-1/2"]
[WhiteElo "2065"]
[BlackElo "2286"]
[Annotator "TA"]
[PlyCount "95"]
[EventDate "2019.04.21"]
[EventType "tourn"]
[EventCountry "KAZ"]
[SourceTitle "playchess.com"]
[Source "ChessBase"]
[SourceQuality "1"]

{[%evp 9,95,19,23,18,27,20,38,35,29,22,39,31,41,33,56,59,82,70,107,97,124,118,125,119,137,138,136,127,132,110,111,104,121,106,121,100,109,101,120,107,122,117,121,115,119,61,192,139,132,136,129,108,114,83,134,130,148,146,130,120,117,116,90,43,98,95,118,78,106,87,87,106,110,106,106,108,118,110,94,0,8,0,114,0,73,0,0,0]} 1. d4 d5 2. Nf3 e6 3. Bf4 c5 4. e3 Nc6 5. Be2 Nf6 6. O-O {D02: 1 d4 d5 2 Nf3 sidelines, including 2...Nf6 3 g3 and 2...Nf6 3 Bf4} Be7 7. c4 (7. dxc5 Bxc5 8. c4 O-O 9. Nc3 dxc4 10. Bxc4 Qxd1 11. Rfxd1 b6 12. Ng5 Be7 13. Nge4 Rd8 14. Bb5 Bb7 15. Nd6 Bxd6 16. Bxd6 Rac8 17. f3 a6 18. Be2 {0-1 (47) Rapport,R (2700)-Aronian,L (2797) Caleta 2018}) 7... O-O 8. Nc3 {White is slightly better.} b6 9. cxd5 exd5 10. Rc1 Bb7 11. Qa4 a6 $146 ({Predecessor:} 11... Nh5 12. Be5 f6 13. Bg3 Nxg3 14. hxg3 Kh8 15. dxc5 Bxc5 16. Rfd1 Ne5 {1-0 (39) Nguyen,H (2457)-Amstadt,A (2340) Hungary 2013}) 12. dxc5 Bxc5 13. Rfd1 Re8 14. Bg5 {Threatens to win with Nxd5!} Ne5 15. Qh4 Ng6 16. Bxf6 $1 Qxf6 17. Qxf6 gxf6 18. a3 (18. Nxd5 Bxd5 19. Rxd5 Rxe3 $14) 18... a5 19. Bb5 ({Resist} 19. Nxd5 Bxd5 20. Rxd5 Rxe3 $14) 19... Red8 20. Nd4 Rac8 21. h3 Nf8 22. Nf5 Ne6 23. Ne2 Kf8 24. Rc2 Nc7 25. Bd3 Ne6 26. Rcd2 Bc6 27. Bc2 ({White should try} 27. Nc3 $16) 27... Rd7 (27... b5 $1 $14) 28. Neg3 (28. Nfd4 $18) 28... Rcd8 $16 29. Nh5 Be7 30. Nd4 Nxd4 31. exd4 b5 ({Better is} 31... h6) 32. Bxh7 b4 33. Rd3 {Strongly threatening Rg3.} Bd6 34. f4 {And now Rg3 would win.} Re7 35. Rg3 {[%csl Gh7][%cal Rg3g8]} ({Not} 35. Nxf6 $2 Kg7 $19) 35... Re2 36. axb4 Bxb4 (36... a4 $14) 37. Rc1 $1 {[%cal Rc1c6]} ({But not} 37. Nxf6 $6 Rxb2 38. Bf5 Bd2 $11) 37... Bb5 38. Rc7 {[%csl Gh7][%cal Rg3g8]} Rd7 39. Rc8+ Ke7 40. Rgg8 {aiming for Ng3.} Rb7 41. Ng3 Rxb2 42. Nf5+ Ke6 {[#]} 43. Rcd8 $1 a4 44. Ng7+ (44. Ne3 $16 {Intending Bf5+ and mate.} Bd7 45. Bf5+ Kd6 46. Bxd7 Rxd7 47. Ra8) 44... Ke7 $11 45. Nf5+ (45. h4 $11) 45... Ke6 $16 46. Ng7+ Ke7 {[#]} 47. Kh2 (47. h4 $1 $16) 47... a3 $11 48. Nf5+ {Accuracy: White = 67%, Black = 50%.} 1/2-1/2

[Event "KAZ-ch Women 2019"]
[Site "Almaty"]
[Date "2019.04.26"]
[Round "6.3"]
[White "Ankudinova, Yelena"]
[Black "Kairbekova, Amina"]
[Result "1/2-1/2"]
[WhiteElo "2099"]
[BlackElo "1954"]
[Annotator "NA RC"]
[PlyCount "107"]
[EventDate "2019.04.21"]
[EventType "tourn"]
[EventCountry "KAZ"]
[SourceTitle "playchess.com"]
[Source "ChessBase"]
[SourceQuality "1"]
[TimeControl "40/5400+30:1800+30"]

{[%evp 9,107,-1,19,32767,32767,-43,32767,-43,32767,-37,32767,-31,-28,-39,0,-12,0,-11,-5,-43,-23,-21,0,-13,0,32767,0,0,4,0,24,17,27,33,33,29,41,0,0,0,0,-2,30,33,35,47,48,35,43,6,78,74,72,87,64,78,67,82,108,37,33,41,18,9,22,14,17,27,85,32767,88,83,110,108,101,123,151,77,32767,67,77,74,32767,32767,32767,32767,283,8,8,8,0,0,0,0,32767,0,0,0,0,0]} 1. d4 {[%emt 0:00:34]} Nf6 {[%emt 0:00:00]} 2. Nf3 {[%emt 0:00:07]} d5 {[%emt 0:00:00]} 3. Bf4 {[%emt 0:00:51]} c5 {[%emt 0:01:47]} 4. e3 {[%emt 0:00:32]} Nc6 {[%emt 0:00:13]} 5. c3 {[%emt 0:02:02]} Qb6 {[%emt 0:03:15]} 6. Qb3 {[%emt 0:03:30]} c4 {[%emt 0:00:09]} 7. Qc2 {[%emt 0:00:10]} Bf5 {[%emt 0:00:09]} 8. Qc1 {[%emt 0:01:52]} e6 {[%emt 0:00:39]} 9. Nbd2 {[%emt 0:01:39]} h6 {[%emt 0:01:01] D02: 1 d4 d5 2 Nf3 sidelines, including 2...Nf6 3 g3 and 2...Nf6 3 Bf4} (9... Qd8 10. h3 h6 11. Be2 Be7 12. O-O O-O 13. Bd1 b5 14. Bc2 Bxc2 15. Qxc2 Bd6 16. Bxd6 Qxd6 17. e4 dxe4 18. Nxe4 Nxe4 19. Qxe4 Qd5 20. Qxd5 exd5 {1-0 (51) Nisipeanu,L (2674)-Parligras,M (2645) Bucharest 2018}) 10. b3 {[%emt 0:01:57]} cxb3 {[%emt 0:01:23]} 11. axb3 {[%emt 0:00:07]} Be7 {[%emt 0:00:12]} 12. Be2 {[%emt 0:00:52]} O-O {[%emt 0:00:20]} 13. O-O {[%emt 0:01:14]} Nh5 {[%emt 0:01:05]} 14. Bg3 {[%emt 0:08:41]} Nxg3 {[%emt 0:00:07]} 15. hxg3 {[%emt 0:00:21]} Bf6 {[%emt 0:01:28]} 16. Qa3 $146 {[%emt 0:03:40]} ({Predecessor:} 16. b4 Rac8 17. Qa3 {1-0 (42) Zuluaga,C (2305)-Lopez Idarraga,D (2056) Medellin 2017}) 16... e5 {[%emt 0:02:24]} 17. dxe5 {[%emt 0:02:39]} Nxe5 {[%emt 0:00:59]} 18. Nd4 {[%emt 0:00:39]} Bd3 {[%emt 0:04:12]} 19. Qa5 {[%emt 0:07:50]} Bxe2 {[%emt 0:05:10]} 20. Qxb6 {[%emt 0:05:49]} axb6 {[%emt 0:00:14]} 21. Nxe2 {[%emt 0:00:07]} Nc6 {[%emt 0:00:35]} 22. Nf3 {[%emt 0:10:06]} Ra5 {[%emt 0:02:02]} 23. b4 {[%emt 0:05:13]} Rxa1 {[%emt 0:04:39]} 24. Rxa1 {[%emt 0:00:15]} Nxb4 {[%emt 0:00:04]} 25. Ra7 {[%emt 0:13:37]} Na6 {[%emt 0:00:22]} 26. Rxb7 {[%emt 0:00:13]} Rb8 {[%emt 0:00:07]} 27. Ra7 {[%emt 0:04:43]} Nc5 {[%emt 0:00:07]} 28. Nfd4 {[%emt 0:05:26]} Bxd4 {[%emt 0:06:18]} 29. exd4 {[%emt 0:00:10]} Ne4 {[%emt 0:00:04]} (29... Nd3 $11 {keeps the balance.}) 30. f3 {[%emt 0:05:29]} Nf6 {[%emt 0:00:32]} 31. g4 {[%emt 0:00:30]} b5 {[%emt 0:00:47]} 32. Ra2 {[%emt 0:00:12]} Kf8 {[%emt 0:01:39]} 33. Kf2 {[%emt 0:00:03]} Rb7 {[%emt 0:00:07]} 34. Ke3 {[%emt 0:01:21]} ({White should play} 34. Nf4 $16) 34... b4 {[%emt 0:03:06]} 35. Rb2 {[%emt 0:06:07]} Re7+ $1 {[%emt 0:00:09]} 36. Kf4 {[%emt 0:01:33]} bxc3 {[%emt 0:00:43]} 37. Nxc3 {[%emt 0:00:47]} Rc7 {[%emt 0:01:06]} 38. Rb3 {[%emt 0:00:19]} Ke7 {[%emt 0:00:45]} (38... Rc6 $11 {keeps the balance.}) 39. Ke5 {[%emt 0:00:26]} Rd7 {[%emt 0:04:56]} 40. Rb5 {[%emt 0:00:00]} Rc7 {[%emt 0:00:00]} 41. Nxd5+ {[%emt 0:04:00]} Nxd5 {[%emt 0:00:13]} 42. Kxd5 {[%emt 0:00:10]} Rc2 {[%emt 0:00:03]} 43. Rb7+ {[%emt 0:05:25]} Kf6 {[%emt 0:00:04]} 44. Kd6 {[%emt 0:08:52]} Rxg2 {[%emt 0:00:14]} 45. d5 {[%emt 0:00:09]} Rd2 {[%emt 0:08:39]} 46. Rb4 {[%emt 0:01:45]} g5 {[%emt 0:02:05]} 47. Rb3 {[%emt 0:01:29]} Kg6 {[%emt 0:04:47] [#]} 48. Re3 $2 {[%emt 0:00:07]} (48. Rb6 $1 $18 Kg7 49. Kc6) 48... h5 {[%emt 0:00:39]} 49. gxh5+ {[%emt 0:00:07]} Kxh5 {[%emt 0:00:05]} 50. Ke5 {[%emt 0:01:02]} f5 {[%emt 0:01:23]} 51. d6 {[%emt 0:00:19]} Kh4 {[%emt 0:01:12]} 52. Ra3 {[%emt 0:09:51]} g4 {[%emt 0:01:23]} 53. Ra4 {[%emt 0:01:44]} Kh3 {[%emt 0:01:33]} 54. fxg4 $11 {[%emt 0:06:04]} 1/2-1/2

[Event "KAZ-ch Women 2019"]
[Site "Almaty"]
[Date "2019.04.26"]
[Round "6.4"]
[White "Nakhbayeva, Guliskhan"]
[Black "Shauken, Aruzhan"]
[Result "1-0"]
[WhiteElo "2303"]
[BlackElo "1685"]
[Annotator "TA"]
[PlyCount "67"]
[EventDate "2019.04.21"]
[EventType "tourn"]
[EventCountry "KAZ"]
[SourceTitle "playchess.com"]
[Source "ChessBase"]
[SourceQuality "1"]

{[%evp 11,67,18,25,22,22,23,29,20,37,6,17,28,31,-12,0,0,-4,-4,9,10,10,16,22,31,50,31,104,14,158,51,184,64,340,314,471,452,468,297,435,280,263,280,288,280,279,280,278,243,891,876,876,816,811,260,29988,2127,1504,1471]} 1. d4 d5 2. c4 c6 3. Nf3 Nf6 4. e3 e6 5. Bd3 dxc4 6. Bxc4 b5 7. Bd3 {D30: Queen's Gambit Declined: Systems without Nc3} a6 8. a4 Bb7 9. O-O {White has an edge.} Be7 10. Qc2 O-O 11. e4 h6 12. Nbd2 $146 ({Predecessor:} 12. Rd1 Nbd7 13. Qe2 Re8 14. e5 Nd5 {1-0 (66) Gordon,S (2539)-Liodakis,K (2183) Paleochora 2018}) 12... Nbd7 13. Nb3 Qb6 14. Qe2 bxa4 15. Nbd2 c5 16. e5 Nd5 {...Nf4 is the strong threat.} 17. Nc4 Qc7 $1 18. Qe4 {[%csl Gd3][%cal Re4h7][%mdl 1024] White has compensation.} (18. Rxa4 Nb4 $15) 18... N5f6 (18... g6 $1 $14) 19. Qf4 (19. Qh4 $1 $16 Bxf3 20. gxf3) 19... Nd5 {[#]} (19... Ne8 $11) 20. Qg4 ({White must play} 20. Qg3 $1 $16 Kh8 21. Qh3 (21. Rxa4 cxd4 22. Bxh6 gxh6 $11)) 20... Kh8 {[#]} (20... f5 $14 21. Qg6 Rf7) 21. Qh5 $40 {[%mdl 128] White is up to no good.} (21. Rxa4 cxd4 22. Bxh6 gxh6 $11) (21. Qh3 $1 $18 {Hoping for Bxh6!} Nb4 22. Bb1 (22. Bxh6 Nxd3 23. Bg5+ Kg8 $14)) 21... f5 $2 {[%mdl 8192] [#]} ({Black should try} 21... Nb4 $14 22. Bxh6 Nxd3) 22. Bxh6 $1 $18 {[%mdl 512]} gxh6 (22... Kg8 {is a better defense.} 23. Qg6 (23. Rxa4 Rf7 $18) 23... Rf7) 23. Qxh6+ {[%mdl 64] Double Attack} Kg8 24. Qg6+ Kh8 25. Ng5 Bxg5 26. Qh5+ ({Don't go for} 26. Qxg5 $2 Rf7 $19) 26... Kg8 27. Qxg5+ Kh8 {aiming for ...Rf7.} 28. Qh6+ Kg8 29. Qxe6+ Kh8 $2 (29... Rf7) 30. Qh6+ Kg8 31. Qg6+ Kh8 32. Ra3 $2 (32. Bxf5 Rxf5 33. Qh6+ Kg8 34. Ra3) 32... Qc6 $2 (32... N7f6 $18 33. exf6 (33. Bxf5 Nh7 $16) 33... Rxf6 34. Qh5+ Qh7 35. Qxh7+ Kxh7 36. dxc5 Nf4) 33. Qh5+ (33. Nd6 $142 Qxd6 34. exd6 Rf6 35. Qh5+ Kg7 36. Bxf5 Rg8 37. Re1 Ne5 38. Rg3+ Kf8 39. d7) 33... Kg7 34. Bxf5 {Accuracy: White = 33%, Black = 29%.} 1-0

[Event "KAZ-ch Women 2019"]
[Site "Almaty"]
[Date "2019.04.26"]
[Round "6.5"]
[White "Sultanbek, Zeinep"]
[Black "Serikbay, Assel"]
[Result "1-0"]
[WhiteElo "1891"]
[BlackElo "2155"]
[Annotator "RC"]
[PlyCount "166"]
[EventDate "2019.04.21"]
[EventType "tourn"]
[EventCountry "KAZ"]
[SourceTitle "playchess.com"]
[Source "ChessBase"]
[SourceQuality "1"]
[TimeControl "40/5400+30:1800+30"]

1. d4 {[%emt 0:00:02]} d5 {[%emt 0:00:00]} 2. Nf3 {[%emt 0:00:09]} Nf6 {[%emt 0:00:00]} 3. c4 {[%emt 0:00:07]} e6 {[%emt 0:00:00]} 4. Nc3 {[%emt 0:00:07]} a6 {[%emt 0:00:18]} 5. Bg5 {[%emt 0:03:39]} dxc4 {[%emt 0:19:04]} 6. e4 {[%emt 0:02:38]} h6 {[%emt 0:12:35]} 7. Bxf6 {[%emt 0:00:59]} Qxf6 {[%emt 0:00:18]} 8. Bxc4 {[%emt 0:00:14]} b5 {[%emt 0:02:04]} 9. Bb3 {[%emt 0:00:39]} Bb7 {[%emt 0:10:42]} 10. d5 {[%emt 0:01:29]} e5 {[%emt 0:00:22]} 11. a4 {[%emt 0:01:59]} b4 {[%emt 0:00:59]} 12. Ne2 {[%emt 0:00:11]} a5 {[%emt 0:06:24]} 13. O-O {[%emt 0:02:06]} Bd6 {[%emt 0:00:45]} 14. Nd2 {[%emt 0:01:36]} O-O {[%emt 0:02:41]} 15. Nc4 {[%emt 0:01:20]} Nd7 {[%emt 0:00:13]} 16. Nxd6 {[%emt 0:00:58]} Qxd6 {[%emt 0:05:09]} 17. Rc1 {[%emt 0:02:02]} Rac8 {[%emt 0:01:48]} 18. Ng3 {[%emt 0:01:18]} g6 {[%emt 0:00:54]} 19. Qg4 {[%emt 0:03:00]} Kh7 {[%emt 0:00:42]} 20. Bc4 {[%emt 0:05:06]} Nc5 {[%emt 0:11:21]} 21. b3 {[%emt 0:05:30]} Rcd8 {[%emt 0:00:44]} 22. f4 {[%emt 0:02:25]} exf4 {[%emt 0:01:01]} 23. Rxf4 {[%emt 0:00:09]} Nd7 {[%emt 0:01:55]} 24. Rcf1 {[%emt 0:00:56]} Ne5 {[%emt 0:00:16]} 25. Qe2 {[%emt 0:01:16]} Kg7 {[%emt 0:02:15]} 26. Qb2 {[%emt 0:00:06]} f6 {[%emt 0:01:07]} 27. Ne2 {[%emt 0:00:37]} Bc8 {[%emt 0:07:36]} 28. h3 {[%emt 0:01:54]} c5 {[%emt 0:07:36]} 29. Nc1 {[%emt 0:09:00]} Ba6 {[%emt 0:02:42]} 30. Qe2 {[%emt 0:01:15]} Bc8 {[%emt 0:01:48]} 31. Qf2 {[%emt 0:00:29]} g5 {[%emt 0:00:20]} 32. Qg3 {[%emt 0:02:29]} Kh7 {[%emt 0:00:11]} 33. R4f3 {[%emt 0:00:55]} Nxf3+ {[%emt 0:00:54]} 34. Qxf3 {[%emt 0:00:01]} Rde8 {[%emt 0:00:49]} 35. Nd3 {[%emt 0:00:34]} Qe7 {[%emt 0:01:11]} 36. Re1 {[%emt 0:00:15]} Bb7 37. Qf5+ {[%emt 0:05:06]} Kg7 {[%emt 0:00:32]} 38. Bb5 {[%emt 0:01:07]} Rd8 {[%emt 0:00:21]} 39. Rc1 {[%emt 0:00:33]} Bc8 {[%emt 0:00:52]} 40. Qf3 {[%emt 0:00:00]} Qd6 {[%emt 0:00:00]} 41. Qe3 {[%emt 0:03:42]} f5 {[%emt 0:09:51]} 42. Rxc5 {[%emt 0:02:45]} fxe4 {[%emt 0:00:39]} 43. Qxe4 {[%emt 0:00:07]} Bb7 {[%emt 0:10:35]} 44. Bc6 {[%emt 0:06:49]} Ba6 {[%emt 0:03:05]} 45. Rxa5 {[%emt 0:00:23]} Bxd3 {[%emt 0:02:07]} 46. Qxd3 {[%emt 0:00:13]} Rf7 {[%emt 0:01:05]} 47. Qd4+ {[%emt 0:02:21]} Kg8 {[%emt 0:00:21]} 48. Rc5 {[%emt 0:00:59]} Re7 {[%emt 0:04:16]} 49. Rc1 {[%emt 0:00:38]} Rf8 {[%emt 0:00:25]} 50. Qd3 {[%emt 0:02:39]} Rf6 {[%emt 0:02:50]} 51. Rd1 {[%emt 0:07:37]} Qc5+ {[%emt 0:00:19]} 52. Kh1 {[%emt 0:01:03]} Re3 {[%emt 0:00:20]} 53. Qc4 {[%emt 0:05:46]} Qd6 {[%emt 0:00:26]} 54. Qd4 {[%emt 0:00:32]} Rxb3 {[%emt 0:01:21]} 55. Re1 {[%emt 0:02:25]} Rc3 {[%emt 0:00:11]} 56. Bb5 {[%emt 0:00:57]} Rc2 {[%emt 0:00:38]} 57. Qe4 {[%emt 0:00:14]} Rc7 {[%emt 0:00:27]} 58. a5 {[%emt 0:01:08]} Rf4 {[%emt 0:00:45]} 59. Qd3 {[%emt 0:05:37]} Rc3 {[%emt 0:00:05]} 60. Qd1 {[%emt 0:01:09]} Rc5 {[%emt 0:01:04]} 61. Qd3 {[%emt 0:06:21]} Rc3 {[%emt 0:00:01]} 62. Qe2 {[%emt 0:01:47]} Qxd5 {[%emt 0:00:46]} 63. Qh5 {[%emt 0:02:36]} Rf6 {[%emt 0:00:40]} 64. Be2 {[%emt 0:02:47]} Kg7 {[%emt 0:00:16]} 65. a6 {[%emt 0:02:39]} Ra3 {[%emt 0:00:29]} 66. Rd1 {[%emt 0:00:36]} Qf7 {[%emt 0:00:40]} 67. Qg4 {[%emt 0:00:10]} Rf4 {[%emt 0:00:18]} 68. Qc8 {[%emt 0:00:36]} Rc3 {[%emt 0:00:07]} 69. Qb8 {[%emt 0:01:43]} Rc7 {[%emt 0:00:34]} 70. Qb5 {[%emt 0:00:24]} Re7 {[%emt 0:00:28]} 71. Bd3 {[%emt 0:03:00]} b3 {[%emt 0:00:55]} 72. Rb1 {[%emt 0:00:24]} Rd4 {[%emt 0:00:25]} 73. Bf1 {[%emt 0:01:55]} Rf4 {[%emt 0:00:52]} 74. Bd3 {[%emt 0:00:18]} Rf2 {[%emt 0:00:19]} 75. Qc5 {[%emt 0:01:19]} b2 {[%emt 0:00:37]} 76. Bc4 {[%emt 0:00:35]} Qf6 {[%emt 0:00:39]} 77. a7 {[%emt 0:00:12]} Re8 {[%emt 0:00:23]} 78. Qc7+ {[%emt 0:00:38]} Kf8 {[%emt 0:00:21]} 79. Qh7 {[%emt 0:01:12]} Qg7 {[%emt 0:00:26]} 80. Qxg7+ {[%emt 0:00:26]} Kxg7 {[%emt 0:00:01]} 81. Bd5 {[%emt 0:00:17]} Rc2 {[%emt 0:00:06]} 82. Kh2 {[%emt 0:00:05]} Kf6 83. a8=Q Rxa8 1-0

[Event "KAZ-ch Women 2019"]
[Site "Almaty"]
[Date "2019.04.27"]
[Round "7.1"]
[White "Serikbay, Assel"]
[Black "Kamalidenova, Meruert"]
[Result "1-0"]
[WhiteElo "2155"]
[BlackElo "2051"]
[Annotator "TA"]
[PlyCount "67"]
[EventDate "2019.04.21"]
[EventType "tourn"]
[EventCountry "KAZ"]
[SourceTitle "playchess.com"]
[Source "ChessBase"]
[SourceQuality "1"]

{[%evp 18,66,32,27,56,58,59,0,41,34,53,48,65,58,59,49,61,58,106,34,166,171,170,164,158,90,156,92,169,171,144,158,168,146,168,164,488,490,497,495,1006,767,5685,5335,29996,29997,29997,29998,29998,29999,29999]} 1. d4 Nf6 2. c4 g6 3. g3 Bg7 4. Bg2 O-O 5. Nf3 d6 6. O-O Nbd7 7. Nc3 e5 8. e4 a6 9. Qc2 exd4 10. Nxd4 Ne5 {E68: King's Indian: Fianchetto: 6...Nbd7 7 0-0 e5 8 e4} (10... Re8 11. Re1 Ne5 12. b3 c5 13. Nf3 Nfg4 14. Nxe5 Nxe5 15. Bb2 Nc6 16. Qd2 Qa5 17. Rad1 Bg4 18. f3 {½-½ (49) Giri,A (2772)-Ivanchuk,V (2728) Tbilisi 2017}) 11. b3 Bd7 12. Ba3 $146 (12. f4 $14 Nc6 13. Nxc6 Bxc6 14. Bb2) ({Predecessor:} 12. a4 Nc6 13. Nde2 Nb4 14. Qd2 a5 15. Ba3 Re8 16. f3 c6 17. Rad1 Qb6+ 18. Qd4 Qxd4+ 19. Nxd4 {½-½ (44) Nogueiras Santiago,J (2559)-Wojtaszek,R (2625) Havana 2008}) 12... Re8 {The position is equal.} 13. Rad1 Qc8 14. f4 Nc6 15. Nxc6 Bxc6 16. Rfe1 h5 17. Nd5 $36 {[%mdl 2048] White is pushing.} h4 18. Bb2 ({Much weaker is} 18. gxh4 $6 Bxd5 19. cxd5 Qg4 $11) (18. e5 $16 Ng4 19. gxh4) 18... Nh5 (18... Bxd5 $1 $14 19. cxd5 (19. exd5 hxg3 20. hxg3 Qg4 $11) 19... hxg3) 19. Bxg7 $18 ({Not} 19. gxh4 Bxb2 20. Qxb2 Bxd5 $17) 19... Kxg7 20. Qc3+ Kg8 21. Nb4 ({Better is} 21. Bf3 Bxd5 22. Rxd5) 21... Bd7 (21... Qe6 $142) 22. Qe3 ({White should try} 22. Bf3 Bg4 23. f5 Bxf3 24. Qxf3) 22... Kg7 (22... Bg4 $16 {was called for.}) 23. f5 hxg3 24. hxg3 Nf6 25. fxg6 {Black must now prevent Rf1.} fxg6 {[#]} 26. Qc3 $1 {Hoping for Rf1.} Qd8 $2 (26... Bg4 {is tougher.}) 27. e5 {[%mdl 64] Discovered Attack} dxe5 28. Bxb7 Rh8 (28... Qe7 $142 29. Bxa8 Qc5+ 30. Re3 Rxa8 31. Qxe5 Qxe5 32. Rxe5 Kh6) 29. Qxe5 Kf7 {[#]} 30. Rf1 $1 {Rxd7+! would kill now.} Rb8 {[#]} 31. Rxd7+ $1 {[%mdl 576] Deflection. White mates.} Qxd7 32. Qxf6+ {[%mdl 64] Double Attack} Kg8 33. Qxg6+ Qg7 34. Bd5# {Accuracy: White = 63%, Black = 21%.} 1-0

[Event "KAZ-ch Women 2019"]
[Site "Almaty"]
[Date "2019.04.27"]
[Round "7.2"]
[White "Shauken, Aruzhan"]
[Black "Sultanbek, Zeinep"]
[Result "1/2-1/2"]
[WhiteElo "1685"]
[BlackElo "1891"]
[Annotator "NA RC"]
[PlyCount "141"]
[EventDate "2019.04.21"]
[EventType "tourn"]
[EventCountry "KAZ"]
[SourceTitle "playchess.com"]
[Source "ChessBase"]
[SourceQuality "1"]
[TimeControl "40/5400+30:1800+30"]

1. d4 {[%emt 0:00:00]} Nf6 {[%emt 0:00:00]} 2. c4 {[%emt 0:00:00]} g6 {[%emt 0:00:00]} 3. Nf3 {[%emt 0:00:20]} Bg7 {[%emt 0:00:00]} 4. g3 {[%emt 0:00:10]} O-O {[%emt 0:00:00]} 5. Bg2 {[%emt 0:00:06]} d6 {[%emt 0:00:00]} 6. O-O {[%emt 0:00:10]} Nc6 {[%emt 0:00:00]} 7. Nc3 {[%emt 0:00:07]} a6 {[%emt 0:00:03]} 8. Qd3 {[%emt 0:00:26]} Nd7 {[%emt 0:00:15]} 9. e4 {[%emt 0:07:12] E63: King's Indian: Fianchetto: Panno Variation with 7...a6} (9. Be3 Rb8 10. Qd2 b5 11. cxb5 axb5 12. Rac1 b4 13. Nd5 Bb7 14. Bg5 Re8 15. Rfd1 Ba8 16. b3 Rb5 17. e4 Qb8 {0-1 (35) Mareco,S (2583)-Flores,D (2602) Buenos Aires 2011}) 9... e5 {[%emt 0:00:28]} 10. d5 {[%emt 0:02:28]} Nc5 $146 {[%emt 0:00:24]} ({Predecessor:} 10... Nd4 11. Be3 Qf6 12. Ne1 c5 13. dxc6 bxc6 14. b4 Qe6 15. Nf3 a5 16. Ng5 Qf6 {0-1 (41) Zozik,S (2252)-Zaibi,A (2389) Baghdad 2018}) 11. Qd1 {[%emt 0:02:48]} Nd4 {[%emt 0:00:09]} 12. b4 {[%emt 0:03:16]} Bg4 {[%emt 0:06:51]} 13. bxc5 {[%emt 0:10:06]} Qf6 {[%emt 0:00:07]} 14. Bg5 {[%emt 0:05:50]} Nxf3+ {[%emt 0:00:17]} 15. Bxf3 {[%emt 0:00:05]} Qxf3 {[%emt 0:00:09]} 16. Qxf3 {[%emt 0:00:26]} Bxf3 {[%emt 0:00:06]} 17. cxd6 {[%emt 0:00:11]} cxd6 {[%emt 0:00:16]} 18. Be7 {[%emt 0:03:18]} Rfc8 {[%emt 0:01:09]} 19. Na4 $1 {[%emt 0:01:43]} Bf8 {[%emt 0:00:11]} 20. Bxf8 {[%emt 0:00:15]} Rxf8 {[%emt 0:00:04]} 21. Nb6 {[%emt 0:02:44]} Rad8 {[%emt 0:00:40]} 22. Rfe1 {[%emt 0:00:12]} f5 {[%emt 0:00:05]} 23. exf5 {[%emt 0:00:28]} Rxf5 {[%emt 0:00:33]} 24. Rab1 {[%emt 0:01:28]} (24. a4 $14) 24... Rf7 {[%emt 0:00:50]} 25. Re3 {[%emt 0:02:24]} Rdf8 {[%emt 0:00:56]} 26. Rb2 {[%emt 0:02:16]} g5 {[%emt 0:01:37]} 27. h3 {[%emt 0:07:43]} g4 {[%emt 0:02:37]} 28. h4 {[%emt 0:01:21]} Rc7 {[%emt 0:00:11]} 29. Rc2 {[%emt 0:02:03]} Rff7 {[%emt 0:06:25]} 30. Rec3 {[%emt 0:09:52]} Rc5 {[%emt 0:01:15]} 31. a3 {[%emt 0:02:36]} Ra5 {[%emt 0:01:01]} 32. Rc1 {[%emt 0:01:17]} Rc7 {[%emt 0:00:59]} 33. Kf1 {[%emt 0:04:07]} Kf7 {[%emt 0:00:41]} 34. Ke1 {[%emt 0:00:55]} Ke7 {[%emt 0:00:05]} 35. Kd2 {[%emt 0:00:38]} Kd8 {[%emt 0:00:18]} 36. Kc2 {[%emt 0:01:21]} Be4+ {[%emt 0:00:59]} 37. Kb3 {[%emt 0:01:07]} Rf7 {[%emt 0:00:23]} 38. Kb4 {[%emt 0:05:39]} Rc5 {[%emt 0:00:11]} 39. Na4 {[%emt 0:00:38]} a5+ {[%emt 0:00:38]} 40. Kb3 {[%emt 0:00:00]} Rcc7 {[%emt 0:00:00]} 41. Re1 {[%emt 0:01:46]} Bg2 {[%emt 0:03:20]} 42. Re2 $1 {[%emt 0:00:50] [#]} Bf1 {[%emt 0:05:13]} ({Black should play} 42... b5 $1 $17 {[%mdl 512]} 43. cxb5 Bxd5+ 44. Kc2 Bc4) 43. Rec2 {[%emt 0:02:27]} b6 {[%emt 0:00:44]} 44. Ka2 {[%emt 0:02:08]} (44. Nb2 $15) 44... Rb7 {[%emt 0:03:14]} 45. Nb2 {[%emt 0:02:29]} Rf3 {[%emt 0:03:53]} 46. Rxf3 {[%emt 0:03:46]} gxf3 {[%emt 0:00:05]} 47. Nd1 {[%emt 0:00:28]} b5 {[%emt 0:06:26]} 48. cxb5 {[%emt 0:01:26]} Bxb5 {[%emt 0:01:39]} 49. Ne3 {[%emt 0:01:13]} Bd3 {[%emt 0:00:10]} 50. Rb2 {[%emt 0:07:16]} Rc7 {[%emt 0:00:10]} 51. Rb8+ {[%emt 0:02:26]} Ke7 {[%emt 0:00:06]} 52. Ra8 {[%emt 0:03:41]} (52. Kb2 $11 {remains equal.}) 52... Rc1 $1 {[%emt 0:00:24]} 53. Rxa5 $2 {[%emt 0:02:00]} (53. h5 $17) 53... Re1 {[%emt 0:00:06]} 54. Ng4 {[%emt 0:01:34]} h5 {[%emt 0:01:23]} 55. Ra7+ {[%emt 0:01:09]} Kd8 {[%emt 0:00:17]} 56. Nh6 {[%emt 0:05:11]} Bc4+ {[%emt 0:00:41]} 57. Kb2 {[%emt 0:00:07]} Bxd5 {[%emt 0:00:04]} 58. g4 {[%emt 0:00:37]} Re2+ {[%emt 0:00:50]} 59. Kc3 {[%emt 0:00:03]} Rxf2 {[%emt 0:00:38]} 60. gxh5 {[%emt 0:00:30]} Rh2 {[%emt 0:00:10]} 61. Nf7+ {[%emt 0:01:31]} Kc8 {[%emt 0:00:36]} 62. h6 {[%emt 0:03:28]} Kb8 {[%emt 0:00:41]} 63. Ra4 {[%emt 0:04:24]} e4 {[%emt 0:03:06]} 64. h7 {[%emt 0:00:08]} Rxh4 {[%emt 0:00:33]} 65. h8=Q+ {[%emt 0:00:17]} Rxh8 {[%emt 0:00:03]} 66. Nxh8 {[%emt 0:00:04]} f2 {[%emt 0:10:20]} 67. Rb4+ {[%emt 0:00:13]} Kc7 $11 {[%emt 0:00:18]} (67... Ka7 $5 68. Rb1 $8 e3 $11) 68. Rb1 {[%emt 0:00:06]} e3 {[%emt 0:08:00]} 69. Kd3 {[%emt 0:00:20]} Be4+ {[%emt 0:00:19]} 70. Kxe3 {[%emt 0:00:06]} Bxb1 {[%emt 0:00:03]} 71. Kxf2 {[%emt 0:00:06]} 1/2-1/2